书目信息 |
| 题名: |
太平洋的拂晓
|
|
| 作者: | 周而复 著 | |
| 分册: | ||
| 出版信息: | 北京 人民文学出版社 1991.06 |
|
| 页数: | 713页 | |
| 开本: | 20cm | |
| 丛书名: | ||
| 单 册: | ||
| 中图分类: | I247.5 | |
| 科图分类: | ||
| 主题词: | 小说--中国 | |
| 电子资源: | ||
| ISBN: | 7-02-002077-1 | |
| 000 | 00637nam0 2200205 45 | |
| 001 | 0457775899 | |
| 005 | 2004092816025589 | |
| 010 | @a7-02-002077-1@d31.00CNY | |
| 100 | @a20040928d1991 km y0chiy0120 ea | |
| 101 | 0 | @achi |
| 102 | @aCN@b110000 | |
| 200 | 1 | @a太平洋的拂晓@ATai Ping Yang De Fu Xiao@e《长城万里图》第四部@f周而复著@FZhou Er Fu Zhu |
| 210 | @a北京@c人民文学出版社@d1991.06 | |
| 215 | @a713页@d20cm | |
| 517 | @a《长城万里图》第四部@A《Chang Cheng Wan Li Tu》Di Si Bu | |
| 606 | 0 | @a小说@x中国 |
| 690 | @aI247.5@v4 | |
| 701 | 0 | @a周而复@AZhou Er Fu@4著 |
| 801 | 0 | @aCN@bPFT@c20040928 |
| 905 | @a平顶山工学院@dI247.5@eZ7611 | |
| 太平洋的拂晓:《长城万里图》第四部/周而复著.-北京:人民文学出版社,1991.06 |
| 713页;20cm |
| ISBN 7-02-002077-1:31.00CNY |
| ● |
| 相关链接 |
|
|
|
正题名:太平洋的拂晓
索取号:I247.5/Z7611
 
预约/预借
| 序号 | 登录号 | 条形码 | 馆藏地/架位号 | 状态 | 备注 |
| 1 | 397375 | 203973753 | 社科二线422/422社科库 5排2列3层/ [索取号:I247.5/Z7611] | 在馆 | |
| 2 | 397376 | 203973762 | 社科二线422/422社科库 5排2列4层/ [索取号:I247.5/Z7611] | 在馆 | |
| 3 | 397377 | 203973771 | 社科二线422/422社科库 5排2列4层/ [索取号:I247.5/Z7611] | 在馆 |